Normal view MARC view

Entry Topical Term

Number of records used in: 2

001 - CONTROL NUMBER

  • control field: 40361

003 - CONTROL NUMBER IDENTIFIER

  • control field: dpl

005 - DATE AND TIME OF LATEST TRANSACTION

  • control field: 20120130120849.0

008 - FIXED-LENGTH DATA ELEMENTS

  • fixed length control field: 120130|||a|||||| | ||| d

040 ## - CATALOGING SOURCE

  • Original cataloging agency: dpl
  • Transcribing agency: dpl

150 ## - HEADING--TOPICAL TERM

  • Topical term or geographic name as entry element: कम्प्यूटर विज्ञान

670 ## - SOURCE DATA FOUND

  • Source citation: Work cat.: (dpl)61649: शशांक,जे. 40360, कम्प्यूटर रिपेयर गाइड /, 1999

670 ## - SOURCE DATA FOUND

  • Source citation: Work cat.: (dpl)61649: शशांक,जे. 40360, कम्प्यूटर रिपेयर गाइड /, 1999

© Delhi Public Library
Hit Counter
free hit counter